000 004930000a22001810004500
003 MACL
005 20160101130131.0
008 160101b xxu||||| |||| 00| 0 eng d
040 _aMACL
_cMACL
041 _aEnglish
082 _a338.9/GHO
100 _aGhosh, Dr M K
_926300
245 _aPrinciples and Problems of Idustrial Organization
260 _bThe Indian Press Publications Ltd
_c1953
_aAllahabad
350 _a11
650 _aProduction
_926301
942 _cBK
_k338.9/GHO
_2ddc
999 _c39481
_d39481